000
00286 a2200121 4500
020
_a
9789698535056
090
_c
2061
_d
2061
100
_a
Dr. Khan Nawar
245
_a
Total quality management
260
_a
NUST Publishing Rawalpindi
300
_a
304
942
_a
NBS
_c
BK
_k
658.562 KHA
999
_c
344564
_d
344564